01313nam a2200253 a 4500001001000000003000900010005001700019008004100036040002500077082001500102100002700117245018500144260004700329300002700376500008600403504003000489700002600519710012300545942001400668952012800682952011300810952011900923999001701042000045360DO-SdBNP20210903102526.0150305s2015 dr ac 000 0 spa d aDO-SdBNPbspacBNPHU axxxxbxxxx1 aGómez, Arelis97339510aEstrategia de implementación de los centros de recursos multimodales para el aprendizaje :bEl tránsito de la Biblioteca a Centro de Recursos /cArelis Gómez e Isabel Vargas. aSanto Domingo :bCEEDbCREMbINTEC,c2015. a27 p. :bil. ;c28 cm. aPrograma de formación y acompañamiento centrado en la escuela, distrito 15-04 aBibliografía : p. 25-2712aVargas, Isabel97339622aCentro de Estudios Educativos del Instituto Tecnológico de Santo Domingo (CEED-INTEC), República Dominicana973397 2ddccLBS1 001054708DSaGRbGRcCTd2015-03-05iLF1l0oxxxx xxxxp45360-30r2020-06-25te. 3w2020-06-25yLFDSZPréstamo en sala 0010718PDaPDbPDcCTd2015-03-05iLF1l0oxxxx xxxxp45360-10r2020-06-25w2020-06-25yLFPDZNo se presta 0010718PDaPDbPDcCTd2015-03-05iLF1l0oxxxx xxxxp45360-20r2020-06-25te. 2w2020-06-25yLFPDZNo se presta c44849d44849